| 000 | 00000nas 2200000zi 4500 |
| 001 | 9.943275 |
| 003 | CaOODSP |
| 005 | 20241104121012 |
| 006 | m o d f |
| 007 | cr ||||||||||| |
| 008 | 240917d19711981oncar p o f0 a0fre|d |
| 040 | |aCaOODSP|bfre|erda|cCaOODSP |
| 043 | |an-cn--- |
| 086 | 1 |aS1F-PDF |
| 110 | 1 |aCanada.|bSecrétariat d'État, |eauteur, |eorganisme de publication. |
| 245 | 10|aRapport annuel pour l'année se terminant le 31 mars ... / |cSecrétariat d'État. |
| 260 | |a[Ottawa] : |bSecrétariat d'État, |c[1972-1982] |
| 310 | |aAnnuel |
| 336 | |atexte|btxt|2rdacontent/fre |
| 337 | |ainformatique|bc|2rdamedia/fre |
| 338 | |aressource en ligne|bcr|2rdacarrier/fre |
| 362 | 1 |aParaît depuis : 1971; ne paraît plus après : 1981. |
| 500 | |aPublié aussi en anglais sous le titre : Annual report for the year ending March 31 ... |
| 500 | |aÉdition numérisée de l'imprimée [par Direction des publications du gouvernement du Canada]. |
| 610 | 10|aCanada.|bSecrétariat d'État |vPériodiques. |
| 651 | 6|aCanada|xPolitique et gouvernement|xPériodiques. |
| 655 | 7|aPériodiques|2rvmgf |
| 775 | 08|tAnnual report for the year ending March 31 ... / |w(CaOODSP)9.943276 |
| 780 | 00|tRapport du Secrétariat d'État du Canada.|w(CaOODSP)9.943306 |
| 785 | 00|tRapport annuel.|w(CaOODSP)9.500750 |